Grammys 2024 - Winners, Performers, Guests - Statistics

General Stats
  • This quiz has been taken 135 times
  • The average score is 15 of 49
Answer Stats
Picture Answer % Correct
Taylor Swift
97%
Billie Eilish
88%
Dua Lipa
83%
Doja Cat
80%
Olivia Rodrigo
80%
Miley Cyrus
79%
SZA
79%
Ice Spice
76%
Lana Del Rey
74%
boygenius
47%
Kelly Clarkson
47%
Phoebe Bridgers
42%
Victoria Monet
39%
Bebe Rexha
37%
Tyla
37%
Gracie Abrams
36%
Jelly Roll
36%
Troye Sivan
35%
Jon Batiste
33%
Pentatonix
28%
Karol G
27%
Kylie Minogue
27%
Laufey
27%
Noah Kahan
26%
Janelle Monae
25%
Joni Mitchell
25%
Chris Stapleton
21%
Killer Mike
21%
Tracy Chapman
21%
Laverne Cox
20%
Coco Jones
18%
Hayley Williams
18%
Zach Bryan
15%
Kasey Musgraves
13%
Kelly Osborne
9%
Lainey Wilson
9%
Burna Boy
7%
Caroline Polachek
7%
Fantasia Barrino
7%
Lil Durk
7%
Metallica
7%
Samara Joy
7%
Skrillex
4%
Gaby Moreno
3%
Brandy Clark
1%
J. Ivy
1%
Rob Trujillo
1%
Allison Russell
0%
Nicole Zuraitis
0%
No matching quizzes found
Score Distribution
Percent of People with Each Score
Percentile by Number Answered
Your Score History
You have not taken this quiz